ہند و ستان کا سرخ سفر (Record no. 5647)

MARC details
000 -LEADER
fixed length control field 00974nam a22002417a 4500
005 - DATE AND TIME OF LATEST TRANSACTION
control field 20081106164927.0
008 - FIXED-LENGTH DATA ELEMENTS--GENERAL INFORMATION
fixed length control field 081106t xxu||||| |||| 00| 0 ur d
010 ## - LCCN (DPL NO)
LC control number UR-7385
020 ## - INTERNATIONAL STANDARD BOOK NUMBER
International Standard Book Number 8187231874
Terms of availability 300.00
035 ## - SYSTEM CONTROL NUMBER
System control number U-5940
037 ## - SOURCE OF ACQUISITION
Source of stock number/acquisition D.B.Act / Pub
082 ## - DEWEY DECIMAL CLASSIFICATION NUMBER
Classification number 324.2175
100 ## - MAIN ENTRY--PERSONAL NAME
Personal name نريش نديم
245 ## - TITLE STATEMENT
Title ہند و ستان کا سرخ سفر
Statement of responsibility, etc نريش نديم
246 ## - VARYING FORM OF TITLE
Title proper/short title Hindustan ka Surkh Safar(A history of India;sCommunist Movement)
Remainder of title by Naresh Nadeem
260 ## - PUBLICATION, DISTRIBUTION, ETC. (IMPRINT)
Place of publication, distribution, etc دھلی
Name of publisher, distributor, etc تخليق کار پبليشرز
Date of publication, distribution, etc 2007
270 ## - ADDRESS
Address 104/B-Yawar Manzil,I Block ,Laxmi Nagar
City دھلی
Postal code 1100092
Telephone number 01122442572
Electronic mail address qissey@rediffmail.com
300 ## - PHYSICAL DESCRIPTION
Extent 415p
Dimensions 22cm (Pbk)
650 ## - SUBJECT ADDED ENTRY--TOPICAL TERM
Topical term or geographic name as entry element History of india
650 ## - SUBJECT ADDED ENTRY--TOPICAL TERM
Topical term or geographic name as entry element تا ريخ ہند و ستا ن
942 ## - ADDED ENTRY ELEMENTS (KOHA)
Institution code [OBSOLETE] dpl
Item type Urdu Bks
Source of classification or shelving scheme Dewey Decimal Classification
Classification part 954
Call number suffix ن ر ے
Holdings
Withdrawn status Lost status Source of classification or shelving scheme Damaged status Not for loan Collection code Home library Current library Date acquired Cost, normal purchase price Total Checkouts Full call number Barcode Date last seen Copy number Cost, replacement price Koha item type
    Dewey Decimal Classification   Not For Loan Non-fiction D.B.Act.Division D.B.Act.Division 06/11/2008 300.00   954 ن ر ے U-5940 15/09/2008 1 300.00 Urdu Bks

© Delhi Public Library
Hit Counter
free hit counter